000 00794nam a2200265 4500
001 16879
003 BD-RjUL
005 20211209000048.0
008 140215s1964 moua b 001 0 eng
035 _a(BD-RjUL)16934
040 _aDLC
_cDLC
_dDLC
_dBD-RjUL
_beng
041 _aeng
082 0 0 _a796.42
_bBRT 1964
100 1 _aBresnahan, George T.
_q(George Thomas)
_952109
245 1 0 _aTrack and field athletics /
_cGeorge T. Bresnahan, W. W. Tuttle [and] Francis X. Cretzmeyer.
250 _a6th ed.
260 _aSaint Louis :
_bMosby,
_cc1964.
300 _a424 p. :
_bill. ;
_c25 cm.
504 _aIncludes bibliographies and index.
650 0 _aAthletics.
_952110
650 0 _aTrack and field.
_952111
942 _2ddc
_cBK
999 _c16879
_d16879